Rajdowi mistrzowie świata - Statystyki

Ogólne statystyki
  • Ten quiz został rozwiązany 133 razy
    112 od ostatniego zresetowania
  • Średni wynik to 28 z 45
Statystyki odpowiedzi
Rok Kierowca Narodowość Samochód % Poprawnych
2020 Sébastien Ogier Francja Toyota Yaris WRC
96%
2018 Sébastien Ogier Francja Ford Fiesta WRC
96%
2017 Sébastien Ogier Francja Ford Fiesta WRC
96%
2016 Sébastien Ogier Francja Volkswagen Polo R WRC
96%
2015 Sébastien Ogier Francja Volkswagen Polo R WRC
96%
2014 Sébastien Ogier Francja Volkswagen Polo R WRC
96%
2013 Sébastien Ogier Francja Volkswagen Polo R WRC
96%
2012 Sébastien Loeb Francja Citroën DS3 WRC
95%
2011 Sébastien Loeb Francja Citroën DS3 WRC
95%
2010 Sébastien Loeb Francja Citroën C4 WRC
95%
2009 Sébastien Loeb Francja Citroën C4 WRC
95%
2008 Sébastien Loeb Francja Citroën C4 WRC
95%
2007 Sébastien Loeb Francja Citroën C4 WRC
95%
2006 Sébastien Loeb Francja Citroën Xsara WRC
95%
2005 Sébastien Loeb Francja Citroën Xsara WRC
95%
2004 Sébastien Loeb Francja Citroën Xsara WRC
95%
2019 Ott Tänak Estonia Toyota Yaris WRC
82%
1995 Colin McRae Wielka Brytania Subaru Impreza
79%
1992 Carlos Sainz Hiszpania Toyota Celica
77%
1990 Carlos Sainz Hiszpania Toyota Celica
77%
1999 Tommi Mäkinen Finlandia Mitsubishi Lancer Evolution
67%
1998 Tommi Mäkinen Finlandia Mitsubishi Lancer Evolution
67%
1997 Tommi Mäkinen Finlandia Mitsubishi Lancer Evolution
67%
1996 Tommi Mäkinen Finlandia Mitsubishi Lancer Evolution
67%
2003 Petter Solberg Norwegia Subaru Impreza WRC
61%
2001 Richard Burns Wielka Brytania Subaru Impreza WRC
58%
2002 Marcus Grönholm Finlandia Peugeot 206 WRC
53%
2000 Marcus Grönholm Finlandia Peugeot 206 WRC
53%
1993 Juha Kankkunen Finlandia Toyota Celica
40%
1991 Juha Kankkunen Finlandia Lancia Delta
40%
1987 Juha Kankkunen Finlandia Lancia Delta
40%
1986 Juha Kankkunen Finlandia Peugeot 205
40%
1994 Didier Auriol Francja Toyota Celica
30%
1982 Walter Röhrl Niemcy Opel Ascona 400
28%
1980 Walter Röhrl Niemcy Fiat 131 Abarth
28%
1981 Ari Vatanen Finlandia Ford Escort RS1800
26%
1984 Stig Blomqvist Szwecja Audi Quattro
26%
1989 Massimo Biasion Włochy Lancia Delta
21%
1988 Massimo Biasion Włochy Lancia Delta
21%
2021 Sébastien Ogier Francja Toyota Yaris WRC
18%
1978 Markku Alén Finlandia Fiat 131 Abarth
16%
1979 Björn Waldegård Szwecja Ford Escort RS1800
12%
1983 Hannu Mikkola Finlandia Audi Quattro
12%
1985 Timo Salonen Finlandia Peugeot 205
12%
1977 Sandro Munari Włochy Lancia Stratos HF
11%
Nie znaleziono quizów pasujących do podanych kryteriów
Rozkład punktacji
Procent ludzi z każdym wynikiem
Percentyl według liczby udzielonych odpowiedzi
Twoja historia wyników
Nie rozwiązałeś tego quizu od ostatniego zresetowania